MARC

LEADER 00000nam0a2200000 4500
001 364345
005 20231102011659.0
035 |a (RuTPU)RU\TPU\retro\21703 
090 |a 364345 
100 |a 20211112d1981 km y0rusy50 ca 
101 0 |a rus 
102 |a RU 
105 |a a g 001zy 
200 1 |a Справочник по бурению на карьерах  |f под ред. Б. А. Симкина 
210 |a Москва  |c Недра  |d 1981 
215 |a 270 с.  |c ил. 
320 |a Библиогр.: с. 263-266 
606 1 |a Буровзрывные работы  |2 stltpush  |3 (RuTPU)RU\TPU\subj\30498  |9 53601 
606 1 |a Карьеры  |2 stltpush  |3 (RuTPU)RU\TPU\subj\13971  |9 40502 
610 1 |a справочники 
610 1 |a бурение 
610 1 |a горные породы 
610 1 |a горные породы 
610 1 |a разрушение 
610 1 |a механическое бурение 
610 1 |a буровые станки 
610 1 |a технические характеристики 
610 1 |a теристики 
610 1 |a буровой инструмент 
610 1 |a приводы 
610 1 |a автоматическое управление 
610 1 |a оптимальные режимы 
610 1 |a расчеты 
675 |a 622.233(035)  |v 4 
675 |a 622.271(035)  |v 4 
702 1 |a Симкин  |b Б. А.  |4 340 
801 1 |a RU  |b 63413507  |c 20211112 
942 |c BK